000 00728nam a2200241Ia 4500
005 20260430150609.0
008 008 250103s9999 xx 000 0 eng d
037 _aTheses
040 _aCRL
040 _beng
040 _ceng
041 _2eng
041 _aeng
084 _qCRL
100 _aPriyanka Au.; Sharma Monika Gu.; Sharma Sadhna Gu.
_91237959
245 0 _aElucidating the Role of PE_PGRS1 and PPE15 Proteins of Mycobacterium tuberculosis in Modulation of Host Cell Death Pathway and Host Oxidative Stress
260 _c2024
300 _a201p.
650 _aZoology
700 _aUniversity of Delhi. Faculty of Science. Deptt. of Zoology
_91237953
942 _cTH
999 _c1850170
_d1850170